Tablety vo firmách

Efektívne využívanie tabletov pri práci. Príklady využívania tabletov vo firmách: v poisťovni Axa, v Citroëne, v televízii Joj. Najpoužívanejší je iPad. Šesť užitočných biznis aplikácií pre iPad.

Guardado en:
Detalles Bibliográficos
Autor principal: Mravčák, Alexander
Formato: Capítulo de libro
Lenguaje:eslovaco
Materias:
Etiquetas: Agregar Etiqueta
Sin Etiquetas, Sea el primero en etiquetar este registro!

MARC

LEADER 00000naa a2200000 4500
001 0141906
005 20231113071230.7
041 0 |a slo 
044 |a SK 
245 1 0 |a Tablety vo firmách  |c Alexander Mravčák 
520 |a Efektívne využívanie tabletov pri práci. Príklady využívania tabletov vo firmách: v poisťovni Axa, v Citroëne, v televízii Joj. Najpoužívanejší je iPad. Šesť užitočných biznis aplikácií pre iPad. 
610 2 0 |a technológie informačné 
610 2 0 |a technológie komunikačné 
610 2 0 |a počítače 
610 2 0 |a práca 
610 2 0 |a firmy 
100 1 |a Mravčák, Alexander